[Event "XXIX Politiken Cup"]
[Site "Copenhagen DAN"]
[Date "2007.07.27"]
[Round "8"]
[White "Malakhov, V."]
[Black "Krasenkow, M."]
[Result "1/2-1/2"]
[WhiteElo "2676"]
[BlackElo "2660"]
[PlyCount "131"]
[EventDate "2007.07.21"]
[Source "www.chesslib.no"]
[SourceDate "2004.05.04"]

1. c4 e6 2. Nf3 d5 3. d4 Nf6 4. e3 Be7 5. Nc3 O-O 6. a3 b6 7. cxd5 exd5 8. b4 Ne4 9. Qc2 Nxc3 10. Qxc3 Bf5 11. Be2 Nd7 12. Bb2 Nf6 13. O-O Bd6 14. Ne5 c5 15. dxc5 bxc5 16. bxc5 Ne4 17. Qd3 Bxc5 18. g4 Be6 19. f3 Qb6 20. Bd4 Bxd4 21. Qxd4 Qxd4 22. exd4 Nc3 23. Ba6 Bc8 24. Rfc1 Bxa6 25. Rxc3 f6 26. Nc6 Rfe8 27. Rc5 Bc4 28. Na5 Re2 29. Rb1 Rae8 30. Nb7 h5 31. Nd6 Re1+ 32. Rxe1 Rxe1+ 33. Kf2 Re2+ 34. Kg3 hxg4 35. Kxg4 Rxh2 36. Rc8+ Kh7 37. Nxc4 dxc4 38. Rxc4 Kg6 39. Ra4 Rc2 40. Kf4 Rc7 41. Ke4 Kf7 42. d5 Ke7 43. Ra6 Kd7 44. a4 Rc4+ 45. Kf5 Rc3 46. f4 g5 47. fxg5 fxg5 48. Ke5 Re3+ 49. Kd4 Ra3 50. Rxa7+ Kd6 51. Ra6+ Kd7 52. Kc5 Rc3+ 53. Kb4 Rd3 54. Kc4 Ra3 55. a5 g4 56. Ra7+ Kd6 57. a6 Ra1 58. Ra8 g3 59. Rg8 Rc1+ 60. Kd4 Rd1+ 61. Kc3 Ra1 62. Kb2 Rxa6 63. Rg6+ Kxd5 64. Rxa6 Ke4 65. Rg6 Kf3 66. Rxg3+ 1/2-1/2

[Event "SUI-chT"]
[Site "SUI"]
[Date "2000.??.??"]
[Round "?"]
[White "Kortschnoj, Viktor"]
[Black "Milov, Vadim"]
[Result "1/2-1/2"]
[WhiteElo "2659"]
[BlackElo "2653"]
[PlyCount "86"]
[EventDate "2000.??.??"]
[Source "www.chesslib.no"]
[SourceDate "2004.05.04"]

1. d4 Nf6 2. c4 e6 3. Nf3 d5 4. Nc3 Bb4 5. e3 O-O 6. Bd2 b6 7. Bd3 Bb7 8. Qe2 Nbd7 9. O-O dxc4 10. Bxc4 a6 11. Rad1 Qe7 12. a3 Bd6 13. e4 b5 14. Ba2 e5 15. dxe5 Nxe5 16. Nd4 Bc8 17. Bg5 c6 18. Kh1 Bc5 19. f4 Bg4 20. Nf3 Nxf3 21. gxf3 Bh3 22. e5 h6 23. Bh4 g5 24. fxg5 Nh7 25. Qc2 hxg5 26. Bb1 f5 27. exf6 Rxf6 28. Rfe1 Re6 29. Rxe6 Bxe6 30. Qg6+ Kh8 31. Re1 Rg8 32. Rxe6 Rxg6 33. Rxe7 Bxe7 34. Bxg6 gxh4 35. Be4 Bg5 36. Bxc6 Bc1 37. Nd1 Ng5 38. Kg2 Ne6 39. Kh3 Nf4+ 40. Kxh4 Nd3 41. Bb7 Nxb2 42. Nc3 Nc4 43. Bxa6 Nxa3 1/2-1/2

[Event "Najdorf mem"]
[Site "Buenos Aires"]
[Date "2001.09.08"]
[Round "5"]
[White "Kortschnoj, Viktor"]
[Black "Karpov, Anatoly"]
[Result "1/2-1/2"]
[WhiteElo "2617"]
[BlackElo "2692"]
[PlyCount "41"]
[EventDate "2001.09.04"]
[Source "ChessBase"]
[SourceDate "2001.11.13"]

1. d4 Nf6 2. c4 e6 3. Nc3 Bb4 4. e3 O-O 5. Bd3 d5 6. a3 Be7 7. Nf3 b6 8. O-O Bb7 9. cxd5 exd5 10. b4 Nbd7 11. Qb3 c6 12. Bd2 a5 13. bxa5 Rxa5 14. e4 dxe4 15. Nxe4 Ra7 16. Nxf6+ Nxf6 17. Rfb1 Nd5 18. Bc4 c5 19. dxc5 Bxc5 20. Rd1 Nf6 21. Be3 1/2-1/2

[Event "III President's Cup"]
[Site "Baku AZE"]
[Date "2008.05.20"]
[Round "9.3"]
[White "Milov, Vadim"]
[Black "Korchnoi, Viktor"]
[Result "1-0"]
[WhiteElo "2690"]
[BlackElo "2598"]
[PlyCount "87"]
[EventDate "2008.05.12"]
[Source "www.chesslib.no"]
[SourceDate "2004.05.04"]

1. d4 Nf6 2. c4 e6 3. Nc3 Bb4 4. e3 d5 5. a3 Be7 6. Nf3 O-O 7. Bd3 dxc4 8. Bxc4 c5 9. O-O Nbd7 10. e4 cxd4 11. Nxd4 Ne5 12. Be2 Bd7 13. Be3 Nc6 14. Rc1 Nxd4 15. Bxd4 Bc6 16. Qd3 Nd7 17. Qg3 e5 18. Be3 Kh8 19. Rfd1 Qe8 20. Nb5 Bd8 21. Nd6 Qe6 22. Nf5 g6 23. Bc4 Qf6 24. Rd6 gxf5 25. Rxf6 Bxf6 26. Bg5 Bd8 27. Bxd8 Raxd8 28. Qh4 Rc8 29. Rd1 fxe4 30. h3 e3 31. fxe3 Rg8 32. g4 Rg7 33. Bd3 Ba4 34. Rd2 f6 35. Bf5 Rf8 36. Rd6 Bc6 37. Kh2 Nc5 38. Rxf6 Rd8 39. Rh6 Rd2+ 40. Kg1 Rd1+ 41. Kf2 Ne4+ 42. Ke2 Rd2+ 43. Ke1 Rg2 44. Rxh7+ 1-0

[Event "NED-chT"]
[Site "NED"]
[Date "2000.04.29"]
[Round "7"]
[White "Sadler, Matthew"]
[Black "Sokolov, Ivan"]
[Result "1/2-1/2"]
[WhiteElo "2630"]
[BlackElo "2637"]
[PlyCount "61"]
[EventDate "2000.02.05"]
[Source "www.chesslib.no"]
[SourceDate "2004.05.04"]

1. d4 Nf6 2. c4 e6 3. Nc3 Bb4 4. e3 d5 5. a3 Be7 6. Nf3 O-O 7. Bd3 dxc4 8. Bxc4 c5 9. O-O a6 10. Qe2 b5 11. Ba2 cxd4 12. exd4 b4 13. axb4 Nc6 14. Bc4 Nxb4 15. Be3 Bb7 16. Rfc1 Rc8 17. Ne5 Nd7 18. Nxd7 Qxd7 19. Na4 Nd5 20. Nc5 Bxc5 21. dxc5 Ra8 22. Bxa6 Rxa6 23. Rxa6 Bxa6 24. Qxa6 Nxe3 25. fxe3 Qd2 26. Qa1 h6 27. c6 Qxe3+ 28. Kh1 Qf4 29. b3 e5 30. Rc4 e4 31. h3 1/2-1/2

[Event "It (cat.14)"]
[Site "Wijk aan Zee (Netherlands)"]
[Date "2007.01.18"]
[Round "5"]
[White "Atalik Suat (BIH)"]
[Black "Eljanov Pavel (UKR)"]
[Result "0-1"]
[WhiteElo "2586"]
[BlackElo "2675"]
[PlyCount "122"]
[EventDate "2007.??.??"]
[Source "www.chesslib.no"]
[SourceDate "2004.05.04"]

1. d4 Nf6 2. c4 e6 3. Nc3 Bb4 4. e3 O-O 5. Bd3 d5 6. a3 Be7 7. Nf3 Nbd7 8. O-O c5 9. cxd5 exd5 10. Bc2 b6 11. dxc5 Ba6 12. Re1 Nxc5 13. Nd4 Rc8 14. Bf5 Nfe4 15. Bxc8 Nxc3 16. Qc2 Qxc8 17. Qxc3 Bh4 18. g3 Qh3 19. Rd1 Bf6 20. Qe1 Re8 21. b4 Ne4 22. f3 Ng5 23. Qf2 Qh5 24. Kg2 Bc8 25. Bb2 Bxd4 26. Rxd4 Bh3+ 27. Kh1 Nxf3 28. Rf4 Ng5 29. Qd2 Ne6 30. Rf2 d4 31. exd4 Qd5+ 32. Kg1 Ng5 33. Re1 Be6 34. h4 Nh3+ 35. Kh2 Nxf2 36. Qxf2 Rc8 37. Rc1 Rd8 38. Rc7 a6 39. Qg2 Qb3 40. Rc3 Qd1 41. Re3 h6 42. Qe2 Qb1 43. Bc3 Qf5 44. Kg1 b5 45. Re5 Qb1+ 46. Kf2 Qc1 47. Bb2 Qc6 48. Rc5 Qh1 49. Qf1 Qe4 50. Qe2 Qb1 51. Rc1 Qa2 52. Rc3 Bg4 53. Qd2 Qd5 54. Kg1 Be6 55. Rc5 Qf3 56. Qg2 Qb3 57. Kh2 Bd5 58. Qe2 Bc4 59. Qf2 f6 60. Kh3 Re8 61. d5 Qd1 0-1

[Event "EU-ch 1st"]
[Site "Saint Vincent"]
[Date "2000.07.14"]
[Round "11"]
[White "Kharlov, Andrei"]
[Black "Milov, Vadim"]
[Result "1-0"]
[WhiteElo "2627"]
[BlackElo "2626"]
[PlyCount "83"]
[EventDate "2000.07.03"]
[Source "ChessBase"]
[SourceDate "2000.10.18"]

1. d4 Nf6 2. Nf3 d5 3. c4 e6 4. Nc3 Bb4 5. e3 O-O 6. Bd2 b6 7. a3 Bxc3 8. Bxc3 Ba6 9. Nd2 c5 10. dxc5 bxc5 11. Qf3 Nbd7 12. cxd5 Bb7 13. Qg3 exd5 14. Bb5 d4 15. exd4 Re8+ 16. Kf1 Nh5 17. Qd6 Qg5 18. d5 Nf4 19. g3 Nxd5 20. Bxd7 Rad8 21. h4 Qe7 22. Qxe7 Rxe7 23. Ba5 Rdxd7 24. f3 Ba6+ 25. Kg1 Rb7 26. Rh2 Rxb2 27. Ne4 Rb5 28. Rd2 Bb7 29. Bd8 Rd7 30. a4 Rb4 31. Ba5 Rc4 32. Rb1 f5 33. Nd6 Rxd6 34. Rxb7 a6 35. Ra7 h5 36. Kf2 f4 37. gxf4 Rxf4 38. Bc7 Rg6 39. Rxd5 Rxh4 40. Ra8+ Kh7 41. Rxc5 Rxa4 42. Rxh5+ 1-0

[Event "EU-ch 2nd"]
[Site "Ohrid"]
[Date "2001.06.06"]
[Round "6"]
[White "Graf, Alexander"]
[Black "Stefansson, Hannes"]
[Result "1-0"]
[WhiteElo "2649"]
[BlackElo "2570"]
[PlyCount "67"]
[EventDate "2001.06.01"]
[Source "ChessBase"]
[SourceDate "2001.09.13"]

1. d4 Nf6 2. c4 e6 3. Nc3 Bb4 4. e3 O-O 5. Nf3 d5 6. a3 Bxc3+ 7. bxc3 c5 8. Bb2 Qc7 9. Rc1 dxc4 10. Bxc4 b6 11. O-O Bb7 12. Bd3 Be4 13. Be2 Nbd7 14. Nd2 Bb7 15. Bd3 e5 16. f3 Ne8 17. f4 exd4 18. cxd4 Qd8 19. Qc2 h6 20. e4 cxd4 21. Bxd4 Rc8 22. Qb2 Nc5 23. Bb1 Nf6 24. Rcd1 Ba6 25. e5 Bxf1 26. Nxf1 Nfd7 27. Bxc5 Rxc5 28. Bf5 Rc7 29. Qd4 Qe7 30. Bxd7 Qxa3 31. f5 Kh8 32. e6 fxe6 33. fxe6 Qe7 34. Ne3 1-0

[Event "Ch Spain (team) (Honor Gr.2)"]
[Site "Lugo (Spain)"]
[Date "2007.07.01"]
[Round "5"]
[White "Ubilava Elizbar (GEO)"]
[Black "Vallejo Pons Francisco (ESP)"]
[Result "0-1"]
[WhiteElo "2540"]
[BlackElo "2676"]
[PlyCount "32"]
[EventDate "2007.??.??"]
[Source "www.chesslib.no"]
[SourceDate "2004.05.04"]

1. d4 d5 2. Nf3 Nf6 3. c4 e6 4. Nc3 Bb4 5. e3 O-O 6. Be2 b6 7. O-O Bb7 8. a3 Bd6 9. cxd5 exd5 10. b4 a6 11. Qb3 Re8 12. Bb2 Nbd7 13. a4 c6 14. a5 b5 15. Na2 Qe7 16. Nd2 Nf8 0-1

[Event "Barcelona"]
[Site "Barcelona"]
[Date "1992.??.??"]
[Round "?"]
[White "Sokolov, Ivan"]
[Black "Kortschnoj, Viktor"]
[Result "0-1"]
[WhiteElo "2630"]
[BlackElo "2585"]
[PlyCount "162"]
[EventDate "1992.04.??"]
[Source "ChessBase"]

1. d4 Nf6 2. c4 e6 3. Nc3 Bb4 4. e3 d5 5. a3 Be7 6. Nf3 O-O 7. b4 Nbd7 8. Bd3 c6 9. cxd5 exd5 10. Qb3 a6 11. a4 Bd6 12. O-O Qe7 13. Rb1 Nb6 14. a5 Nbd7 15. Nd2 Re8 16. e4 dxe4 17. Ndxe4 Nxe4 18. Nxe4 Nf8 19. d5 cxd5 20. Qxd5 Rd8 21. Nxd6 Rxd6 22. Qf3 Ng6 23. Bb2 Bg4 24. Qg3 Qd7 25. Be4 Rd8 26. Rfe1 Bf5 27. h4 Bxe4 28. Rxe4 Rd3 29. f3 h5 30. Rbe1 Rd1 31. Qg5 Rd5 32. Qg3 Qd6 33. Qxd6 R8xd6 34. Bc1 Rd4 35. g3 Rxe4 36. fxe4 Rd4 37. e5 Rxb4 38. Bg5 Rb5 39. e6 fxe6 40. Rxe6 Kf7 41. Rd6 Nf8 42. Bd2 Ke7 43. Rd3 Nd7 44. Bc3 g6 45. Kg2 Ke6 46. Rd4 Nf6 47. Rf4 Nd5 48. Re4+ Kd6 49. Be1 Rb2+ 50. Kf3 Rb3+ 51. Kf2 Nf6 52. Rc4 Ng4+ 53. Ke2 Rb2+ 54. Bd2 Ne5 55. Rc8 Ke7 56. Rc5 Nc6 57. Kd3 Kd6 58. Rc1 Kd5 59. Rf1 Ne5+ 60. Kc3 Ra2 61. Rb1 Rxa5 62. Rxb7 Ra3+ 63. Kc2 Rxg3 64. Bg5 Nf3 65. Bd8 Nd4+ 66. Kb2 Re3 67. Bf6 Re6 68. Kc3 Nf3 69. Bd8 Rc6+ 70. Kb4 Rc8 71. Rd7+ Ke6 72. Rd1 Rc2 73. Rd3 Ne5 74. Re3 Kf5 75. Bg5 Rc4+ 76. Kb3 Rd4 77. Kc2 a5 78. Re1 Rc4+ 79. Kb3 a4+ 80. Ka3 Nf3 81. Rf1 Kg4 0-1

[Event "Buenos Aires ol (Men)"]
[Site "Buenos Aires ARG"]
[Date "1978.??.??"]
[Round "8"]
[White "Korchnoi, Viktor L"]
[Black "Andersson, Ulf"]
[Result "1/2-1/2"]
[WhiteElo "2665"]
[BlackElo "2545"]
[PlyCount "117"]
[EventDate "1978.10.25"]
[Source "www.chesslib.no"]
[SourceDate "2004.05.04"]

1. d4 Nf6 2. c4 e6 3. Nc3 Bb4 4. e3 O-O 5. Bd3 d5 6. a3 Be7 7. Nf3 c5 8. O-O dxc4 9. Bxc4 Nc6 10. dxc5 Qxd1 11. Rxd1 Bxc5 12. b4 Be7 13. Bb2 Bd7 14. Ne4 Rfd8 15. Nd6 Rab8 16. Ng5 Be8 17. Nxe8 Nxe8 18. Ne4 Rbc8 19. Rxd8 Nxd8 20. Bb5 Nf6 21. Nxf6+ Bxf6 22. Bxf6 gxf6 23. Kf1 Kf8 24. g4 Nc6 25. Rc1 Ne7 26. Rxc8+ Nxc8 27. Kg2 Nd6 28. Bd3 Kg7 29. Kg3 h6 30. Kh4 Nc8 31. f4 Nd6 32. Kg3 Kf8 33. Kf3 b6 34. Ke2 Ke7 35. Kd2 Kf8 36. Kc3 e5 37. a4 Kg7 38. Kd2 Kf8 39. Ke1 Kg7 40. Kf2 Kf8 41. Kg3 Kg7 42. Kh4 Kf8 43. Kh5 Kg7 44. h3 Ne8 45. Be4 Nd6 46. Bd5 Kh7 47. b5 Kg7 48. h4 Kh7 49. g5 hxg5 50. hxg5 Kg7 51. Kg4 Kg6 52. Ba2 f5+ 53. Kf3 Ne4 54. fxe5 Nc5 55. Ke2 Nxa4 56. Kd3 Nc5+ 57. Kd4 a5 58. bxa6 Nxa6 59. e6 1/2-1/2

[Event "Altensteig"]
[Site "?"]
[Date "1993.??.??"]
[Round "?"]
[White "Yusupov, A."]
[Black "Almasi, Z."]
[Result "0-1"]
[WhiteElo "2630"]
[BlackElo "2580"]
[PlyCount "78"]
[EventDate "1993.??.??"]
[Source "ChessBase"]
[SourceDate "1993.06.01"]

1. d4 Nf6 2. c4 e6 3. Nc3 Bb4 4. e3 O-O 5. Nf3 d5 6. a3 Bxc3+ 7. bxc3 c5 8. Bb2 Nc6 9. Bd3 Qc7 10. cxd5 exd5 11. O-O c4 12. Bc2 Bg4 13. Qe1 Bh5 14. Nh4 Ng4 15. g3 Bg6 16. Nxg6 hxg6 17. f3 Nf6 18. Qf2 Rfe8 19. Rae1 Re7 20. g4 Rae8 21. Bc1 b5 22. Bd2 a5 23. g5 Nh5 24. e4 b4 25. axb4 axb4 26. cxb4 Qb6 27. Ba4 Ra8 28. Bxc6 Qxc6 29. exd5 Qd7 30. Rxe7 Qxe7 31. Qe3 Qd7 32. Re1 Kh7 33. Qc3 Qh3 34. Re2 Ra2 35. Rf2 Qh4 36. Qxc4 Rxd2 37. Rxd2 Qe1+ 38. Qf1 Qxd2 39. Qf2 Qxg5+ 0-1

[Event "Euwe mem"]
[Site "Amsterdam"]
[Date "1991.??.??"]
[Round "8"]
[White "Kortschnoj, Viktor"]
[Black "Ljubojevic, Ljubomir"]
[Result "1/2-1/2"]
[WhiteElo "2615"]
[BlackElo "2590"]
[PlyCount "36"]
[EventDate "1991.05.??"]
[Source "ChessBase"]

1. d4 Nf6 2. c4 e6 3. Nc3 Bb4 4. e3 O-O 5. Nf3 d5 6. a3 Be7 7. Qc2 b6 8. e4 dxe4 9. Nxe4 Bb7 10. Bd3 Nbd7 11. Bg5 Nxe4 12. Bxe7 Qxe7 13. Bxe4 Bxe4 14. Qxe4 c5 15. O-O Nf6 16. Qe2 Rfd8 17. Rfd1 a5 18. Rd2 Rd6 1/2-1/2

[Event "WchT 5th"]
[Site "Yerevan"]
[Date "2001.10.12"]
[Round "1.3"]
[White "Graf, Alexander"]
[Black "Baklan, Vladimir"]
[Result "1-0"]
[WhiteElo "2610"]
[BlackElo "2590"]
[PlyCount "103"]
[EventDate "2001.10.12"]
[Source "ChessBase"]
[SourceDate "2001.02.01"]

1. d4 Nf6 2. c4 e6 3. Nc3 Bb4 4. e3 O-O 5. Nf3 d5 6. a3 Bxc3+ 7. bxc3 c5 8. Bb2 Nc6 9. Bd3 Qa5 10. O-O Rd8 11. Qe2 Rb8 12. Rac1 dxc4 13. Bxc4 b5 14. Bd3 c4 15. Bc2 Qc7 16. Rcd1 Bb7 17. a4 a6 18. e4 e5 19. d5 Ne7 20. Ba3 Ng6 21. Qe3 Bc8 22. axb5 axb5 23. Ra1 Bg4 24. Rfb1 Bxf3 25. Qxf3 Nd7 26. Qe3 h6 27. g3 Re8 28. Bd1 Ngf8 29. Ra2 Nh7 30. Bb4 Ra8 31. Rba1 Rxa2 32. Rxa2 Nhf6 33. Ra7 Qb8 34. Bf3 Nb6 35. Ra6 Nfd7 36. Bg4 Qb7 37. Bxd7 Nxd7 38. Qa7 Qxa7 39. Rxa7 Nf6 40. Be7 Nxe4 41. d6 Kh7 42. Rc7 Nf6 43. d7 Nxd7 44. Rxd7 Kg6 45. Rb7 f6 46. Bb4 Rc8 47. Rxb5 Kf5 48. Rc5 Rxc5 49. Bxc5 g5 50. f3 h5 51. h3 Ke6 52. g4 1-0

[Event "Open Aeroflot"]
[Site "Mosca RUS"]
[Date "2007.02.14"]
[Round "1"]
[White "Volkov, Sergey"]
[Black "Drozdovskij, Y."]
[Result "1-0"]
[WhiteElo "2636"]
[BlackElo "2562"]
[PlyCount "106"]
[EventDate "2007.02.14"]
[Source "www.chesslib.no"]
[SourceDate "2004.05.04"]

1. d4 Nf6 2. c4 e6 3. Nf3 d5 4. Nc3 Bb4 5. cxd5 exd5 6. a3 Bxc3+ 7. bxc3 O-O 8. e3 c5 9. c4 cxd4 10. Nxd4 Ne4 11. Bd3 Nd7 12. cxd5 Qa5+ 13. Kf1 Qxd5 14. Qc2 Re8 15. f3 Nef6 16. Bc4 Qe5 17. Qa2 Rf8 18. Kf2 Nb6 19. Bb3 Nbd5 20. Re1 Bd7 21. Kg1 Rac8 22. Qd2 Nb6 23. Rb1 Qc5 24. Qa2 Na4 25. Bxa4 Bxa4 26. Rxb7 Rb8 27. Rb4 Bd7 28. Bd2 Rfc8 29. Reb1 Qd6 30. Qb3 Rxb4 31. axb4 a6 32. Be1 h6 33. Rd1 Qb6 34. h3 Ne8 35. Qd5 Nf6 36. Qa2 Ne8 37. Ra1 Nc7 38. Qd2 Nb5 39. Nb3 Be6 40. Nc5 Rd8 41. Rxa6 Qb8 42. Qe2 Bc8 43. Ra5 Nd6 44. Ra3 Nb5 45. Rd3 Re8 46. Qd2 Qb6 47. Bg3 Kh7 48. Kh2 f5 49. Rd5 Na7 50. Rd6 Qb5 51. Qd5 Rxe3 52. Qf7 Qe8 53. Qxa7 Qd8 1-0

[Event "Frankfurt Ordix op"]
[Site "Frankfurt"]
[Date "1999.07.04"]
[Round "10"]
[White "Volkov, Sergey"]
[Black "Giorgadze, Giorgi"]
[Result "0-1"]
[WhiteElo "2587"]
[BlackElo "2609"]
[PlyCount "123"]
[EventDate "1999.07.??"]
[Source "www.chesslib.no"]
[SourceDate "2004.05.04"]

1. d4 d5 2. c4 e6 3. Nc3 Bb4 4. e3 Nf6 5. a3 Be7 6. Nf3 O-O 7. Qc2 b6 8. cxd5 exd5 9. Ne5 c5 10. Bd3 c4 11. Be2 a6 12. O-O b5 13. Bd2 Ra7 14. f4 Rc7 15. Bf3 Bb7 16. Ne2 Rc8 17. Ng3 Re8 18. h4 Bf8 19. h5 Qb6 20. Qf5 h6 21. Qh3 Rcd8 22. Qh4 Bc8 23. Kh1 Be7 24. Qh2 Nc6 25. Be1 Nh7 26. Ne2 f6 27. Ng6 Nf8 28. Nc3 Be6 29. f5 Bf7 30. Bg3 Rd7 31. Bf4 Nh7 32. g4 Bf8 33. Qg2 Red8 34. Qg3 a5 35. Bg2 Qb7 36. a4 b4 37. Nb5 Na7 38. Nc7 Qc6 39. Ne6 Bxe6 40. fxe6 Qxe6 41. Rae1 c3 42. bxc3 bxc3 43. e4 dxe4 44. Rxe4 Qc4 45. d5 Qxd5 46. Qxc3 Qa2 47. Qxa5 Nc6 48. Qc3 Nd4 49. a5 Ne2 50. Rxe2 Qxe2 51. Qb3+ Rf7 52. Rg1 Bc5 53. Bd5 Rxd5 54. Qxd5 Bxg1 55. Kxg1 Qxg4+ 56. Kf2 Qd7 57. Qa8+ Nf8 58. a6 Qa7+ 59. Qxa7 Rxa7 60. Nh4 Rxa6 61. Kg3 Ne6 62. Bd2 0-1

[Event "CCA-ICC Open"]
[Site "?"]
[Date "2005.05.12"]
[Round "2"]
[White "Atalik Suat"]
[Black "Izoria Zviad"]
[Result "1/2-1/2"]
[WhiteElo "2561"]
[BlackElo "2602"]
[PlyCount "38"]
[EventDate "2005.??.??"]
[Source "www.chesslib.no"]
[SourceDate "2004.05.04"]

1. d4 Nf6 2. c4 e6 3. Nf3 d5 4. Nc3 Bb4 5. e3 O-O 6. Bd2 c5 7. a3 Bxc3 8. Bxc3 cxd4 9. Bxd4 Nc6 10. cxd5 Nxd4 11. Qxd4 Qxd5 12. Qxd5 Nxd5 13. Bd3 Rd8 14. Ke2 Bd7 15. Rac1 Rac8 16. Rxc8 Rxc8 17. Kd2 Kf8 18. Rc1 Rxc1 19. Kxc1 b6 1/2-1/2

[Event "Kallithea 85/457"]
[Site "?"]
[Date "2002.??.??"]
[Round "?"]
[White "Korchnoi, V."]
[Black "Ilincic, Z."]
[Result "1/2-1/2"]
[WhiteElo "2626"]
[BlackElo "2532"]
[PlyCount "98"]
[EventDate "2002.??.??"]
[Source "Chess Informant"]
[SourceDate "2002.06.01"]

1. d4 Nf6 2. c4 e6 3. Nc3 Bb4 4. e3 O-O 5. Nf3 d5 6. a3 Bxc3+ 7. bxc3 b6 8. cxd5 exd5 9. a4 Ne4 10. Ba3 Re8 11. Rc1 Nc6 12. Bb5 Bd7 13. O-O Na5 14. Bxd7 Qxd7 15. Ne5 Qe6 16. Bb4 f6 17. Bxa5 fxe5 18. Bb4 c5 19. dxc5 bxc5 20. f3 Nd6 21. Bxc5 Nc4 22. e4 dxe4 23. fxe4 Red8 24. Qh5 Nd2 25. Rf5 Re8 26. Qg4 Qc6 27. Be3 Nc4 28. Rf3 a5 29. Rcf1 Nxe3 30. Rxe3 Qxa4 31. Rd3 Re7 32. Qg5 Qe8 33. Qd2 h6 34. Rd6 Kh7 35. h3 a4 36. Qd5 a3 37. Ra1 Qa4 38. Kh2 a2 39. Rb6 Qa3 40. Rb3 Qa5 41. c4 Qxd5 42. exd5 Rc7 43. Rc3 Rc5 44. Rc2 Kg6 45. Kg3 Kf5 46. Rcxa2 Rxa2 47. Rxa2 Rxc4 48. Ra7 g6 49. Rf7+ Kg5 1/2-1/2

[Event "EU-chT (Men)"]
[Site "Batumi"]
[Date "1999.12.06"]
[Round "8.1"]
[White "Lautier, Joel"]
[Black "Mitkov, Nikola"]
[Result "1/2-1/2"]
[WhiteElo "2638"]
[BlackElo "2509"]
[PlyCount "166"]
[EventDate "1999.11.06"]
[Source "ChessBase"]
[SourceDate "2000.02.01"]

1. d4 Nf6 2. c4 e6 3. Nc3 Bb4 4. e3 O-O 5. Bd3 d5 6. Nf3 Nc6 7. O-O a6 8. h3 h6 9. Re1 dxc4 10. Bxc4 Bd6 11. e4 e5 12. Be3 Bd7 13. a3 Qc8 14. Rc1 Re8 15. d5 Ne7 16. Bf1 Qd8 17. Nd2 Ng6 18. a4 Qe7 19. Nc4 Bb4 20. Qc2 b5 21. Nd2 Rab8 22. axb5 axb5 23. Na2 Bd6 24. Nb3 Ra8 25. Ra1 b4 26. Nc5 Reb8 27. b3 Be8 28. Na6 Rc8 29. Qc4 c6 30. N2xb4 cxd5 31. Nxd5 Nxd5 32. Qxd5 Bc6 33. Qd3 Bb7 34. Ra4 Bc6 35. Ra2 Nf4 36. Qd1 Rd8 37. Qg4 Bd7 38. Qf3 Be6 39. Rd2 Ng6 40. Rb1 Bc8 41. Nc5 Nh4 42. Qh5 Ng6 43. b4 Rb8 44. b5 Nf4 45. Qf3 Bg4 46. hxg4 Bxc5 47. Rxd8+ Rxd8 48. b6 Ne6 49. Bxc5 Qxc5 50. b7 Rb8 51. Qe3 Qxe3 52. fxe3 Kf8 53. Bc4 Nc7 54. Kf2 Ke7 55. Ke2 f6 56. Rb4 Kd6 57. Bf7 Ke7 58. Bd5 Kd7 59. Bc4 Kd6 60. Bd5 Ke7 61. Kd3 Ne6 62. Bc6 Nd8 63. Bd5 Kd7 64. Kc4 Kc7 65. Kc5 Nxb7+ 66. Bxb7 Rxb7 67. Rxb7+ Kxb7 68. Kd6 Kb6 69. Ke6 Kc5 70. Kf7 Kc4 71. Kxg7 Kd3 72. Kxf6 Kxe4 73. Kg6 Kxe3 74. Kxh6 e4 75. g5 Kf2 76. g6 e3 77. g7 e2 78. g8=Q e1=Q 79. g4 Qh1+ 80. Kg7 Qa1+ 81. Kg6 Qb1+ 82. Kf6 Qa1+ 83. Ke7 Qa7+ 1/2-1/2

[Event "Ch France (team) 2007"]
[Site "France"]
[Date "2007.06.01"]
[Round "9"]
[White "Tkachiev Vladislav (FRA)"]
[Black "Marcelin Cyril (FRA)"]
[Result "1-0"]
[WhiteElo "2652"]
[BlackElo "2493"]
[PlyCount "83"]
[EventDate "2007.??.??"]
[Source "www.chesslib.no"]
[SourceDate "2004.05.04"]

1. d4 Nf6 2. c4 e6 3. Nf3 d5 4. Nc3 Bb4 5. e3 O-O 6. Be2 c5 7. O-O Nc6 8. cxd5 exd5 9. dxc5 Bxc5 10. b3 a6 11. Na4 Ba7 12. Ba3 Re8 13. Bc5 b6 14. Ba3 b5 15. Rc1 bxa4 16. Rxc6 Bb7 17. Rc1 Rc8 18. bxa4 Rxc1 19. Bxc1 Ne4 20. Bb2 Qa5 21. Qa1 f6 22. Bd4 Bb8 23. Rb1 Re7 24. Rb6 Ba7 25. Rb3 Nc5 26. Rb2 Bc6 27. Bc3 Qc7 28. Bb4 Bxa4 29. Bd1 Bb5 30. Rc2 Bc4 31. Nd2 Qb6 32. Bxc5 Qxc5 33. Nxc4 dxc4 34. Rxc4 Qe5 35. Rc8+ Kf7 36. Bb3+ Kg6 37. Qc1 Kh6 38. g3 a5 39. Rc4 g5 40. Rc6 Qf5 41. Qc3 Kg7 42. Qc4 1-0

[Event "FRA Team Ch"]
[Site "France"]
[Date "1992.??.??"]
[Round "?"]
[White "Djuric, Stefan"]
[Black "Dorfman, Josif D"]
[Result "1/2-1/2"]
[WhiteElo "2535"]
[BlackElo "2605"]
[PlyCount "72"]
[EventDate "1992.??.??"]
[Source "www.chesslib.no"]
[SourceDate "2004.05.04"]

1. d4 Nf6 2. c4 e6 3. Nc3 Bb4 4. e3 O-O 5. Nf3 d5 6. Be2 b6 7. O-O Bb7 8. Qb3 Be7 9. Rd1 Nbd7 10. a4 c6 11. a5 dxc4 12. Bxc4 b5 13. e4 Rb8 14. Bxe6 fxe6 15. Ng5 Qe8 16. e5 Nd5 17. Nxe6 Qf7 18. Nxf8 Rxf8 19. f3 Nc7 20. Qxf7+ Kxf7 21. a6 Nxa6 22. Ne4 h6 23. f4 Ke6 24. g4 Nb6 25. f5+ Kd5 26. Nc5 Bxc5 27. dxc5+ Kxc5 28. Be3+ Kb4 29. e6 Nd5 30. Bf2 h5 31. Rdc1 Kb3 32. Ra3+ Kxb2 33. Raa1 Kb3 34. Rab1+ Ka4 35. Ra1+ Kb3 36. Rab1+ Ka4 1/2-1/2

[Event "Vina del Mar"]
[Site "Vina del Mar CHI"]
[Date "1988.??.??"]
[Round "5"]
[White "Gulko, Boris F"]
[Black "Morovic Fernandez, Ivan E"]
[Result "1/2-1/2"]
[WhiteElo "2590"]
[BlackElo "2545"]
[PlyCount "65"]
[EventDate "1988.09.??"]
[Source "www.chesslib.no"]
[SourceDate "2004.05.04"]

1. d4 Nf6 2. c4 e6 3. Nc3 Bb4 4. e3 d5 5. a3 Be7 6. Nf3 O-O 7. b4 c6 8. Bb2 Nbd7 9. Qc2 a5 10. b5 c5 11. cxd5 exd5 12. Be2 cxd4 13. Nxd4 Nb6 14. O-O Bg4 15. Nf5 Bxf5 16. Qxf5 Qc8 17. Qf4 Qe6 18. Na4 Bd6 19. Qh4 Nbd7 20. Rac1 Rac8 21. Rfd1 Qe7 22. Nc3 Be5 23. Bg4 Bxc3 24. Rxc3 Rxc3 25. Bxc3 Qxa3 26. Bd4 Qa4 27. Rb1 Qc2 28. Ra1 Qg6 29. Bxd7 Nxd7 30. Qe7 Qf5 31. h3 b6 32. Rc1 Qe6 33. Qxe6 1/2-1/2

[Event "Campionato europeo 2007"]
[Site "Dresda GER"]
[Date "2007.04.04"]
[Round "2"]
[White "Shengelia, Davit"]
[Black "Landa, Konstantin"]
[Result "0-1"]
[WhiteElo "2523"]
[BlackElo "2608"]
[PlyCount "81"]
[EventDate "2007.04.03"]
[Source "www.chesslib.no"]
[SourceDate "2004.05.04"]

1. d4 Nf6 2. c4 e6 3. Nf3 d5 4. e3 Be7 5. Nc3 O-O 6. a3 Nbd7 7. b4 a5 8. b5 c5 9. bxc6 bxc6 10. c5 Qc7 11. Be2 e5 12. O-O Re8 13. Na4 e4 14. Ne1 Bd8 15. f4 exf3 16. gxf3 Nf8 17. Nb6 Ra7 18. Nxc8 Qxc8 19. Bd3 Rae7 20. Ra2 Ng6 21. Re2 Qh3 22. Qa4 Nf4 23. Ref2 Qc8 24. exf4 Rxe1 25. Bd2 Rxf1+ 26. Rxf1 Nh5 27. f5 g6 28. Kh1 Ng7 29. fxg6 hxg6 30. Bf4 Bc7 31. Bd2 Nh5 32. Qxc6 Ng3+ 33. Kg2 Nxf1 34. Bxf1 Qb8 35. Qb5 a4 36. Bb4 Qd8 37. Qxa4 Qg5+ 38. Kh1 Re3 39. Qc2 Qf4 40. Kg1 Rxf3 41. Qd1 0-1

[Event "URS-ch46"]
[Site "Tbilisi"]
[Date "1978.??.??"]
[Round "?"]
[White "Kuzmin, Gennadi P"]
[Black "Gulko, Boris F"]
[Result "1/2-1/2"]
[WhiteElo "2560"]
[BlackElo "2565"]
[PlyCount "93"]
[EventDate "1978.12.??"]
[Source "ChessBase"]

1. d4 Nf6 2. c4 e6 3. Nc3 Bb4 4. e3 Nc6 5. Bd3 d5 6. a3 dxc4 7. Bxc4 Bd6 8. Nf3 O-O 9. O-O e5 10. h3 Bf5 11. d5 Nb8 12. Nh4 Bc8 13. Nf3 e4 14. Nd2 Qe7 15. Qc2 Re8 16. f3 exf3 17. Nxf3 Nbd7 18. Nb5 Ne5 19. Nxd6 cxd6 20. Nxe5 Qxe5 21. Qf2 Bd7 22. Bd2 Rac8 23. Qe2 Nxd5 24. Rad1 Bc6 25. Bxd5 Bxd5 26. Bc3 Qe6 27. Qd2 Bb3 28. Rde1 Rc4 29. Rf4 f6 30. Rd4 Rxd4 31. Bxd4 b6 32. Bc3 Bd5 33. Rd1 Bb7 34. Qxd6 Qxe3+ 35. Kh2 Qe6 36. Qg3 Qf7 37. Rd6 Kh8 38. Qf4 Qg6 39. Qg4 Qxg4 40. hxg4 h6 41. Rd7 Bc6 42. Rc7 Re6 43. Bb4 Kg8 44. Re7 Re5 45. Rxe5 fxe5 46. Bc3 e4 47. Bd4 1/2-1/2